Fluorescenčná spektrometria v analýze kozmetických prípravkov

Salvato in:
Dettagli Bibliografici
Autore principale: Chovancová, Kristína (Autore)
Altri autori: Sádecká, Jana (Relatore della tesi)
Natura: Manoscritto Libro
Lingua:slovacco
Pubblicazione: 2019
Soggetti:
Accesso online:http://is.stuba.sk/zp/portal_zp.pl?podrobnosti=135721
Tags: Aggiungi Tag
Nessun Tag, puoi essere il primo ad aggiungerne!!

MARC

LEADER 00000ntm a22000003a 4500
001 stuzp74213
003 SK-STU
005 20190622211539.9
007 ta
008 150427s2015----xo-----f-mn---000-0-slo-d
040 |a STU  |b slo 
041 0 |a slo 
100 1 |a Chovancová, Kristína  |u 041000  |4 aut  |U FCHPT Fakulta chemickej a potravinárskej technológie  |T FCHPT Ústav analytickej chémie  |X 86705  |U C1000  |Y 99  |7 86705 
242 0 1 |a Fluorescence Spectrometry in Cosmetic Product Analysis  |y eng 
245 1 0 |a Fluorescenčná spektrometria v analýze kozmetických prípravkov 
260 |c 2019 
650 4 |a fluorescencia  |2 slo 
650 4 |a kozmetika  |2 slo 
650 4 |a chinín  |2 slo 
650 4 |a cosmetics  |2 eng 
650 4 |a quinine  |2 eng 
650 4 |a fluorescence  |2 eng 
700 1 |a Sádecká, Jana  |u 041000  |k Z1  |4 ths  |U FCHPT Fakulta chemickej a potravinárskej technológie  |T FCHPT Ústav analytickej chémie  |X 3383  |U C1000  |Y 99  |7 3383 
856 4 |u http://is.stuba.sk/zp/portal_zp.pl?podrobnosti=135721